| 000 | 00813nam a2200193 i 4500 | ||
|---|---|---|---|
| 001 | 104807 | ||
| 003 | ES-MaACL | ||
| 005 | 20250828063250.0 | ||
| 007 | t| | ||
| 008 | 051212s1917 sp ||||1| spa d | ||
| 100 | 1 |
_aMiral, Domingo, _d1872-1942 _981480 |
|
| 245 | 1 | 0 |
_aBases para una pedagogía aragonesa _b: discurso leído en la solemmne apertura de los estudios del año académico de 1917 a 1918 / _cpor Domingo Miral y López. |
| 260 |
_aZaragoza : _b[s.n.], _c1917 ( _fTip. de G. Casañal) |
||
| 300 |
_a108 p. ; _c25 cm. |
||
| 500 | _aEn la cubierta: Anales de la Universidad de Zaragoza, vol. II. Discurso de apertura del curso de 1917-1918. Memoria del curso de 1916-17. Marzo 1918. | ||
| 710 | 2 |
_aUniversidad de Zaragoza _97352 |
|
| 852 |
_aES-MaACL _j1567-F-13 |
||
| 999 |
_c104807 _d104807 |
||